000 00525nam a2200145Ia 4500
008 100204s9999 xx 000 0 und d
082 _b9306
100 _aभोमे सुहास कृष्ण
245 _a.चार्ल्स शोभाराज
260 _b"एन.के.प्रॉडक्टस प्रकाशन , पुणे"
_c1986
300 _a135
630 _a.चार्ल्स शोभाराज
730 _a.चार्ल्स शोभाराज
942 _cBOOK
999 _c453742
_d453739